| LEADER |
00800nam0a2200217 450 |
| 001 |
16833632 |
| 010 |
|
|
|a 978-2-7143-1084-2
|b Br.
|d 24
|
| 100 |
|
|
|a 20120311d2012 u u0frey01 ba
|
| 101 |
1 |
|
|a fre
|c eng
|
| 102 |
|
|
|a FR
|
| 200 |
0 |
|
|a Lettres aux amies et amis proches
|f Emily Dickinson
|g traduit et présenté par Claire Malroux
|
| 207 |
|
1 |
|a
|
| 210 |
|
|
|a Paris
|c Corti
|d 2012
|
| 215 |
|
|
|a 424 p.
|d 22 x 14 cm
|
| 225 |
1 |
|
|a Domaine romantique
|
| 330 |
|
|
|a Recueil des correspondances féminines et masculines qui ont pour point commun d'illustrer la prose d'Emily Dickinson.
|
| 700 |
|
0 |
|a Dickinson
|b Emily
|4 70
|
| 702 |
|
0 |
|a Malroux
|b Claire
|4 730
|
| 900 |
|
|
|a Documentaire
|
| 901 |
|
|
|a Accessible au prêt
|
| 995 |
|
|
|a BD 13
|b 156
|c Bibliothèque
|f 00156008097123
|h 00156008097123
|k 820 DIC
|o p
|q a
|r az
|e BD 13
|